Hoàn thiện phương pháp đảm bảo gắn bó dữ liệu trong điều kiện có sự cố của các hệ thống thông tin đăng ký trên mạng Internet

Hệ cơ sở dữ liệu phân tán; Các sự cố trong hệ quản trị CSDL phân tán; Các giải thuật đảm bảo gắn bó dữ liệu; Chương trình ứng dụng thử nghiệm

Zapisane w:
Opis bibliograficzny
1. autor: Nguyễn, Hữu Hải.
Kolejni autorzy: Lê Văn Sơn, TS. (hướng dẫn.)
Format: Książka
Język:Vietnamese
Wydane: Đà Nẵng : Đại học Đà Nẵng, 2004.
Hasła przedmiotowe:
Etykiety: Dodaj etykietę
Nie ma etykietki, Dołącz pierwszą etykiete!
Thư viện lưu trữ: Mạng thư viện Đại học Đà Nẵng
LEADER 01581cam a2200361 a 4500
001 000044184
003 2441
005 20220914110548.0
008 010217b2004 vm 000 vie
040 |a LRCC  |c LRCC  |d LRCC 
041 0 |a vie 
082 1 4 |a 004.36  |b NG-H 
100 1 |a Nguyễn, Hữu Hải. 
245 1 0 |a Hoàn thiện phương pháp đảm bảo gắn bó dữ liệu trong điều kiện có sự cố của các hệ thống thông tin đăng ký trên mạng Internet  |h [Thesis - Luận văn thạc sĩ]  |c Nguyễn Hữu Hải ; Lê Văn Sơn hướng dẫn. 
260 |a Đà Nẵng :  |b Đại học Đà Nẵng,  |c 2004. 
300 |a 2, vii, 95 tr. :  |b mh. ;  |c 29 cm. 
520 3 |a Hệ cơ sở dữ liệu phân tán; Các sự cố trong hệ quản trị CSDL phân tán; Các giải thuật đảm bảo gắn bó dữ liệu; Chương trình ứng dụng thử nghiệm 
630 0 4 |a Tin học. 
650 0 4 |a Cơ sở dữ liệu phân tán. 
700 1 |a Lê Văn Sơn,  |c TS.,  |e hướng dẫn. 
OWN |a DUT 
AVA |a UDN50  |b DUT  |c Internal Resources  |d 004.36 NG-H  |e available  |t Error 5001 Not defined in file expand_doc_bib_avail.  |f 1  |g 0  |h N  |i 0  |j NS  |k 1 
999 |a From the UDN01 
AVA |a UDN50  |b DUT  |c Internal Resources  |d 004.36 NG-H  |e available  |t Error 5001 Not defined in file expand_doc_bib_avail.  |f 1  |g 0  |h N  |i 0  |j NS  |k 1 
TYP |a Mixed Materials 
TYP |a Monograph 
TYP |a Printed language 
980 |a Mạng thư viện Đại học Đà Nẵng